2021 Buffalo Bills Players Colleges - Statistics

General Stats
  • This quiz has been taken 40 times
  • The average score is 28 of 54
Answer Stats
Position Player College % Correct
QB Josh Allen Wyoming
89%
CB Levi Wallace Alabama
86%
QB Mitch Trubisky North Carolina
81%
LB Andre Smith North Carolina
81%
WR Stefon Diggs Maryland
78%
G Jon Feliciano Miami
76%
DE Gregory Rousseau Miami
76%
S Jaquan Johnson Miami
76%
WR Isaiah McKenzie Georgia
73%
G Ike Boettger Iowa
73%
DE AJ Epenesa Iowa
73%
S Micah Hyde Iowa
73%
CB Tre'Davious White LSU
70%
LS Reid Ferguson LSU
70%
RB Zack Moss Utah
68%
DT Star Lotulelei Utah
68%
DT Ed Oliver Houston
65%
TE Dawson Knox Ole Miss
62%
WR Cole Beasley SMU
62%
WR Emmanuel Sanders SMU
62%
G Cody Ford Oklahoma
59%
T Daryl Williams Oklahoma
59%
S Jordan Poyer Oregon State
59%
WR Gabriel Davis UCF
59%
LB Tremaine Edmunds Virginia Tech
59%
RB Devin Singletary Florida Atlantic
57%
DE Jerry Hughes TCU
57%
T Dion Dawkins Temple
57%
LB Tyler Matakevich Temple
57%
TE Tommy Sweeney Boston College
54%
LB Matt Milano Boston College
54%
CB Dane Jackson Pittsburgh
54%
S Damar Hamlin Pittsburgh
54%
LB Tyrel Dodson Texas A&M
54%
T Ryan Bates Penn State
49%
DE Carlos Basham Jr. Wake Forest
46%
RB Matt Breida Georgia Southern
41%
K Tyler Bass Georgia Southern
41%
C Mitch Morse Missouri
41%
DT Harrison Phillips Stanford
41%
LB AJ Klein Iowa State
38%
FB Reggie Gilliam Toledo
35%
T Spencer Brown Northern Iowa
32%
P Matt Haack Arizona State
30%
CB Siran Neal Jacksonville State
24%
T Tommy Doyle Miami (OH)
24%
DE Mario Addison Troy
24%
CB Taron Johnson Weber State
24%
WR Jake Kumerow Wisconsin-Whitewater
24%
DT Vernon Butler Louisiana Tech
22%
DT Justin Zimmer Ferris State
14%
DE Efe Obada None
14%
RB Taiwan Jones Eastern Washington
11%
RB Christian Wade St Mary's (London)
3%
No matching quizzes found
Score Distribution
Percent of People with Each Score
Percentile by Number Answered
Your Score History
You have not taken this quiz